| 000 | 00363nam a2200157Ia 4500 | ||
|---|---|---|---|
| 003 | OSt | ||
| 005 | 20240301121319.0 | ||
| 008 | 170524s9999 xx 000 0 und d | ||
| 020 | _a978-8120345928 | ||
| 040 | _cIIMT UNIVERSITY MEERUT | ||
| 100 | _aSastry- SS | ||
| 245 | 0 | _aIntroductory Methods of Numerical | |
| 260 | _bPHI | ||
| 260 | _c2007 | ||
| 942 |
_2ddc _c02 |
||
| 999 |
_c5364 _d5364 |
||